Причерноморье в средние века. 10: Акты генуэзских нотариев, составленные в Каффе и в других городах Причерноморья в XIV-XV вв. (Запись № 10931120)

Подробности
000 -МАРКЕР
контрольное поле 02301nam2a2200337 4500
001 - ИДЕНТИФИКАТОР ЗАПИСИ
контрольное поле RU\NLR\BIBL_A\011910121
005 - ИДЕНТИФИКАТОР ВЕРСИИ
контрольное поле 20260406041731.0
010 ## - МЕЖДУНАРОДНЫЙ СТАНДАРТНЫЙ НОМЕР КНИГИ (ISBN)
Номер (ISBN) 978-5-907030-13-8
Тираж 500
035 ## - ДРУГИЕ СИСТЕМНЫЕ НОМЕРА
Идентификатор записи (NLR Aleph) 011910121
100 ## - ДАННЫЕ ОБЩЕЙ ОБРАБОТКИ
Данные общей обработки 20190116d2018 |||y0rusy50 ca
101 0# - ЯЗЫК РЕСУРСА
Язык текста, звукозаписи и т.д. русский
-- итальянский
102 ## - СТРАНА ПУБЛИКАЦИИ ИЛИ ПРОИЗВОДСТВА
Страна публикации Российская Федерация
105 ## - ПОЛЕ КОДИРОВАННЫХ ДАННЫХ: ТЕКСТОВЫЕ МАТЕРИАЛЫ, МОНОГРАФИЧЕСКИЕ
Кодированные данные о монографическом текстовом документе y z 000yy
200 1# - ЗАГЛАВИЕ И СВЕДЕНИЯ ОБ ОТВЕТСТВЕННОСТИ
Основное заглавие Акты генуэзских нотариев, составленные в Каффе и в других городах Причерноморья в XIV-XV вв.
Параллельное заглавие Notai genovesi in oltremare atti redatti a Caffa ed in altre localita del Mar Nero nei secoli XIV e XV
Первые сведения об ответственности сост.: Мария Грация Альваро, Альфонсо Ассини, Лаура Баллетто, Энрико Бассо
Последующие сведения об ответственности под ред. С.П. Карпова
Язык параллельного заглавия итальянский
210 ## - ПУБЛИКАЦИЯ, РАСПРОСТРАНЕНИЕ И ДР.
Дата издания, распространения и т.д. 2018
Место издания, распространения и т.д. Б. м.
215 ## - ФИЗИЧЕСКАЯ ХАРАКТЕРИСТИКА
Специфическое обозначение материала и объем 759 с.
Размеры 24
300 ## - ОБЩИЕ ПРИМЕЧАНИЯ
Текст примечания Текст на рус. и итал. яз.
320 ## - ПРИМЕЧАНИЯ О НАЛИЧИИ В ДОКУМЕНТЕ БИБЛИОГРАФИИ / УКАЗАТЕЛЯ
Текст примечания Библиогр. в подстроч. примеч.
320 ## - ПРИМЕЧАНИЯ О НАЛИЧИИ В ДОКУМЕНТЕ БИБЛИОГРАФИИ / УКАЗАТЕЛЯ
Текст примечания Указ. имен собственных: С. 661 - 690
461 #0 - УРОВЕНЬ НАБОРА
Встроенное поле 001RU\NLR\INFOCOMM17\1000451500
-- 2001#$aПричерноморье в средние века$dThe Black sea region in the middle ages$eИзд. Моск. ун-та$fЛаб. истории Византии и Причерноморья. Ист. фак. Моск. гос. ун-та$zeng$v10
Системный номер (АБИС) связанной записи 3688847
Место публикации СПб.
Дата публикации 1991 -
Первые сведения об ответственности Лаб. истории Византии и Причерноморья. Ист. фак. Моск. гос. ун-та
Параллельное заглавие The Black sea region in the middle ages
Имя издателя, распространителя и т.д. Алетейя
Сведения, относящиеся к заглавию Изд. Моск. ун-та
Заглавие Причерноморье в средние века
Номер тома 10
510 1# - ПАРАЛЛЕЛЬНОЕ ЗАГЛАВИЕ
Параллельное заглавие Notai genovesi in oltremare atti redatti a Caffa ed in altre localita del Mar Nero nei secoli XIV e XV
Язык заглавия итальянский
607 ## - ГЕОГРАФИЧЕСКОЕ НАИМЕНОВАНИЕ КАК ПРЕДМЕТ
Географическое наименование Причерноморье
Формальный подзаголовок Источники и источниковедение
Тематический подзаголовок История
Хронологический подзаголовок Средние века
Системный номер авторитетной/нормативной записи 2609257
Идентификатор авторитетной/нормативной записи RU\NLR\AUTH\661545815
686 1# - ИНДЕКСЫ ДРУГИХ КЛАССИФИКАЦИЙ
Индекс Т3(0)4,01
702 #1 - ИМЯ ЛИЦА - ВТОРИЧНАЯ ОТВЕТСТВЕННОСТЬ
Начальный элемент ввода Альваро
Часть имени, кроме начального элемента ввода М. Г.
Расширение инициалов личного имени Мария Грация
Код отношения Составитель
702 #1 - ИМЯ ЛИЦА - ВТОРИЧНАЯ ОТВЕТСТВЕННОСТЬ
Код отношения Редактор
Графика поля Кириллица
Материалы, к которым относится поле rus
Начальный элемент ввода Карпов
Часть имени, кроме начального элемента ввода С. П.
Дополнения к именам, кроме дат д-р ист. наук
Даты 1948 -
Расширение инициалов личного имени Сергей Павлович
Системный номер авторитетной/нормативной записи 112107
Идентификатор авторитетной/нормативной записи RU\NLR\AUTH\772090
852 ## - МЕСТОНАХОЖДЕНИЕ И ШИФР ХРАНЕНИЯ
Идентификатор организации NLR
Шифр хранения (Call Number) П22/7077
942 ## - ДОПОЛНИТЕЛЬНЫЕ ЭЛЕМЕНТЫ ЗАПИСИ (АБИС)
Тип экземпляра АБИС Выпуск
980 ## - КОЛЛЕКЦИЯ
Название коллекции Национальная библиография
980 ## - КОЛЛЕКЦИЯ
Название коллекции Русская периодика

Нет доступных экземпляров.